| 000 | 00630nam a2200217Ia 4500 | ||
|---|---|---|---|
| 003 | GCL | ||
| 008 | 140319s9999 xx 000 0 ara d | ||
| 040 |
_aGCL / _cGCL |
||
| 082 | 0 | 4 |
_a813.03 _bع ذ |
| 100 | 1 | _aعبدالرحمن فهمى | |
| 245 | 1 | 0 |
_aالذئاب000 والفريسة / _cعبدالرحمن فهمى |
| 260 |
_a[S.N] : _bابوللو للنشر والتوزيع ، _c1989 |
||
| 300 | _a387 ص | ||
| 490 | _a | ||
| 650 | 0 | 4 | _aالقصص العربية |
| 650 | 0 | 4 | _aمصر |
| 650 | 0 | 4 | _aالقصص التاريخية |
| 650 | 0 | 4 | _aالقصص |
| 650 | 0 | 4 | _aالكتابة الفنية |
| 942 |
_2ddc _cBK |
||
| 999 |
_c58931 _d58931 |
||